Computer programs for building cost appraisal (Record no. 94725)

MARC details
000 -LEADER
fixed length control field 00502cam a2200205 4500
001 - CONTROL NUMBER
control field D1628
008 - FIXED-LENGTH DATA ELEMENTS--GENERAL INFORMATION
fixed length control field 090401t1985 xxu||||| |||| 00| 0 eng d
035 ## - SYSTEM CONTROL NUMBER
System control number (Sirsi) u65016
041 ## - LANGUAGE CODE
Language code of text/sound track or separate title eng
050 ## - LIBRARY OF CONGRESS CALL NUMBER
Classification number 690.230285
100 ## - MAIN ENTRY--PERSONAL NAME
Personal name Brandon, Peter S
245 ## - TITLE STATEMENT
Title Computer programs for building cost appraisal
260 ## - PUBLICATION, DISTRIBUTION, ETC.
Place of publication, distribution, etc. London
Name of publisher, distributor, etc. Collins
Date of publication, distribution, etc. 1985
300 ## - PHYSICAL DESCRIPTION
Extent xii. 234p. 24cm
350 ## - PRICE (NR) (BK AM CF MU VM SE) [OBSOLETE]
Price 11.95
700 ## - ADDED ENTRY--PERSONAL NAME
Personal name Moore, Geoffrey R
700 ## - ADDED ENTRY--PERSONAL NAME
Personal name Main, Phillip R
942 ## - ADDED ENTRY ELEMENTS (KOHA)
Suppress in OPAC 0
948 ## - LOCAL PROCESSING INFORMATION (OCLC); SERIES PART DESIGNATOR (RLIN)
c (OCLC) 04/03/1997
Holdings
Withdrawn status Lost status Source of classification or shelving scheme Damaged status Not for loan Home library Current library Shelving location Date acquired Cost, normal purchase price Total Checkouts Full call number Barcode Date last seen Copy number Cost, replacement price Price effective from Koha item type
    Dewey Decimal Classification     London London Basement 14/09/1999 11.95   BASEMENT 30020750 06/08/2019 1 11.95 06/08/2019 Book